| 000 -LEADER |
| fixed length control field |
00331cam a22001217a 4500 |
| 008 - FIXED-LENGTH DATA ELEMENTS--GENERAL INFORMATION |
| fixed length control field |
180718b1973 xxu||||| |||| 00| 0 eng d |
| 082 ## - DEWEY DECIMAL CLASSIFICATION NUMBER |
| Classification number |
Q8 Si64 |
| 100 ## - MAIN ENTRY--PERSONAL NAME |
| Personal name |
Singh, Udai Pratap |
| 245 ## - TITLE STATEMENT |
| Title |
Personality of criminals |
| Statement of responsibility, etc. |
by Udai Pratap Singh |
| 260 ## - PUBLICATION, DISTRIBUTION, ETC. |
| Place of publication, distribution, etc. |
Agra |
| Name of publisher, distributor, etc. |
Sri Ram Mehra |
| Date of publication, distribution, etc. |
1973 |
| 300 ## - PHYSICAL DESCRIPTION |
| Extent |
107p. |
| 650 ## - SUBJECT ADDED ENTRY--TOPICAL TERM |
| Topical term or geographic name entry element |
Crime and Criminals |